Normal view
MARC view
- Electronic Processes in Materials
Entry Topical Term
001 - CONTROL NUMBER
- control field: 113546
003 - CONTROL NUMBER IDENTIFIER
- control field: NUST
005 - DATE AND TIME OF LATEST TRANSACTION
- control field: 20230712083518.0
008 - FIXED-LENGTH DATA ELEMENTS
- fixed length control field: 230712|| aca||aabn | a|a d
040 ## - CATALOGING SOURCE
- Original cataloging agency: NUST
- Transcribing agency: NUST
150 ## - HEADING--TOPICAL TERM
- Topical term or geographic name entry element: Electronic Processes in Materials
670 ## - SOURCE DATA FOUND
- Source citation: Work cat.: (NUST)183690: Azaroff, leonid V 58365, Electronic Processes in Materials /, 1963
